Características y determinantes de la densidad de aportes a la seguridad social en la Argentina 1994-2001 (Registro nro. 36037)

Detalles MARC
000 -LEADER
fixed length control field 00494 a2200121 4500
001 - CONTROL NUMBER
control field ART_46189
005 - DATE AND TIME OF LATEST TRANSACTION
control field 20260410162053.0
008 - FIXED-LENGTH DATA ELEMENTS--GENERAL INFORMATION
fixed length control field 260409a
100 1# - MAIN ENTRY--PERSONAL NAME
Personal name Bertranou, Fabio M.
245 10 - TITLE STATEMENT
Title Características y determinantes de la densidad de aportes a la seguridad social en la Argentina 1994-2001
700 1# - ADDED ENTRY--PERSONAL NAME
Personal name Sánchez, Andrea P.
773 0# - HOST ITEM ENTRY
Title Historias laborales en la seguridad social
Related parts Estudios sobre las frecuencias de aportes - Año 1, Nº 1 (oct. 2003)
Record control number REV46130

No hay ítems disponibles.